01015nam a2200277 i 4500003000900000005001700009007000300026008004100029040003000070082002200100100004400122245010600166264012000272300002800392336002700420337003400447338002800481590002700509650001000536700001000546710001000556910000700566942001400573952013300587999001700720DO-SdBNP20240708110314.0ta240708s1964 dr 001 0 spa d aDO-SdBNPbspacBNPHUerda a309.26bC259m2221 aCaram Herrera, Guillermoeautor 98593610aMetodología para investigaciones regionales en la República Dominicana /cGuillermo Caram Herrera 1aSanto Domingo :bJunta Nacional de Planificación y Coordinación, División de Planificación Regional,c1964. a82 páginas, c23 cm. 2rdacontentatextobtxt 2rdamediaasin mediación bn 2rdacarrieravolumenbnc aInventariado, 2024/ DG 985937 985934 985912 aDG 2ddccLBS1 00102ddc51708PDaBNPHUbBNPHUcCTd2024-07-08edonaciónl0oBNPHU PD 309.26 C259mp2024-4257r2024-07-08w2024-07-08yLBS1 c57198d57198